| 000 | 00818nam a2200229 4500 | ||
|---|---|---|---|
| 003 | LK-CoMWRAF | ||
| 005 | 20231109134336.0 | ||
| 008 | 230821b2008 |||||||| |||| 00| 0 eng d | ||
| 020 | _a9789551927004 | ||
| 040 |
_aLK-CoMWRAF _dLK-CoMWRAF _eLK-CoMWRAF |
||
| 041 | _aeng | ||
| 082 |
_a327.54 _bKOD |
||
| 100 | _aKodikara, Shelton U | ||
| 245 |
_aDomestic politics and diplomacy: _ba study of linkage politics in Indo-Sri Lanka relations |
||
| 260 |
_aColombo: _bBandaranaike Centre for International Studies, _c2008 |
||
| 300 |
_a258 p. ; 22 cm. _bBibliography included |
||
| 650 | _aSRI LANKA-FOREIGN RELATIONS-SRI LANKA | ||
| 650 | _aPolitics and government -20th century -India-Sri Lanka | ||
| 650 | _aEthnic relations -- Political aspects-Sri Lanka-India | ||
| 700 |
_aDorakumbure, W.B. _eed. |
||
| 942 | _cBK | ||
| 999 |
_c3241 _d3241 |
||